000 00738nam a2200289Ia 4500
005 20260324142438.0
008 008 260324s9999 xx 000 0 eng d
020 _a9780429040887
037 _aEBOOK
040 _aCRL
040 _beng
040 _cCRL
041 _2eng
041 _aeng
084 _qCRL
100 _aFrancis E. Johnston
_91211962
245 0 _aChildren Of The Urban Poor
245 4 _bThe Sociocultural Environment Of Growth, Development,And Malnutrition In Guatemala City
260 _bTaylor and Francis
260 _c1995
365 _a
365 _b230
856 _uhttp://www.taylorfrancis.com/books/9780429040887
942 _cEBOOK
999 _c1816168
_d1816168